| 000 | 00396pab a2200157 454500 | ||
|---|---|---|---|
| 008 | 180718b2014 xxu||||| |||| 00| 0 eng d | ||
| 100 | _aKonzelmann, Suzanne J. | ||
| 245 | _aThe political economics of austerity | ||
| 260 | _c2014 | ||
| 300 | _ap.701-741. | ||
| 362 | _aNov-Jul | ||
| 650 | _aEconomic recession | ||
| 773 | _aCambridge Journal of Economics | ||
| 908 | _aN | ||
| 909 | _a105202 | ||
| 999 |
_c105197 _d105197 |
||